000 01840nam a2200253Ia 4500
003 Ost
005 20260507075241.0
008 260507s9999||||xx |||||||||||||| ||und||
020 _a24453299579
040 _cfsecg
041 _aara
082 _a330
100 _aجواد، شوقي ناجي
_eمؤلف
245 0 _aالمرجع المتكامل في إدارة الأعمال :
_bمنظور كلي /
_c شوقي ناجي جواد
260 _aعمان:
_bدار الحامد,
_c2010
300 _a550 صفحة؛
_bإيضاحات ؛
_c24 سم
504 _aمراجع ص.541
520 _aإدارة الاعمال في الحاضر ، تطور الفكر الاداري ، الكتل البيئية و الكتل العالمية و الادارة الأخلاقيات و المسؤولية الإجتماعية ، أساسيات صنع و إتخاذ القرارات الإدارية ، أساليب صناعة و إتخاذ القرار ، التخطيط الإستراتيجي و الإدارة ، أدوات التخطيط الإستراتيجي ، أساسيات التنظيم ، تصميم التظيم ، إدارة الموارد البشرية ، ديناميكية القيادة ، التحفيز المنظمي ، الاتصال و تبادل المعلومات في المنظمة ، الجماعات وفرق العمل و المناخ التنظيمي ، إدارة الصراع و الإجهاد ، الرقابة المنظمية ، إدارة تقنيات المعلومات ، إدارة العمليات ، التغيير التنظيمي و التجديد ، الريادة و المشاريع الصغييرة ، إدارة الصيانة .
653 _aاتخاذ القرار
653 _aإدارة الاعمال
653 _aالاتصال
653 _aالتخطيط
942 _cكتاب
999 _c43625
_d43625